Obálka Náhled e-knihy:
PDF Epub
Pro půjčování e-knih musíte být přihlášeni.
Jak si půjčit online?

Záhada hlavolamu /

Slavný chlapecký klub Rychlé šípy pátrá v tajemných a nebezpečných Stínadlech po stopách ježka v kleci.

Uloženo v:
Série:Stínadelská trilogie, část 1
Hlavní autor: Foglar, Jaroslav, 1907-1999 (Autor)
Další autoři: Grus, Jiří, 1978- (Autor)
Médium: E-kniha
Jazyk:Czech
Vydáno: V Praze : Albatros, 2019
Vydání:9. samostatné vydání
Témata:
Příbuzné jednotky:Z cyklu:: Stínadelská trilogie
Tagy:
Žádné tagy
LEADER 02440nam a2200505 i 4500
001 311021
003 CZ PrSKC
005 20260601215658.0
007 ta
008 190329s2019 xr a c 000 f cze
015 |a cnb003085475 
020 |a 9788000054179  |q (vázáno) :  |c Kč 349,00 
035 |a (OCoLC)1100766811 
040 |a BOA001  |b cze  |e rda 
072 7 |a 821.162.3-3  |x Česká próza  |2 Konspekt 
072 7 |a 821-93  |x Literatura pro děti a mládež (beletrie)  |2 Konspekt 
080 |a 821.162.3-31  |2 MRF 
080 |a 821-93  |2 MRF 
080 |a (0:82-311.3)  |2 MRF 
100 1 |a Foglar, Jaroslav,  |d 1907-1999  |7 jk01031485  |4 aut 
245 1 0 |a Záhada hlavolamu /  |c Foglar ; ilustroval Jiří Grus 
250 |a 9. samostatné vydání 
264 1 |a V Praze :  |b Albatros,  |c 2019 
300 |a 245 stran :  |b barevné ilustrace ;  |c 23 cm +  |e brožura (15 stran : ilustrace ; 21 cm) 
336 |a text  |b txt  |2 rdacontent 
337 |a bez média  |b n  |2 rdamedia 
338 |a svazek  |b nc  |2 rdacarrier 
500 |a Název na brožuře: Poselství ze Stínadel 
520 2 |a Slavný chlapecký klub Rychlé šípy pátrá v tajemných a nebezpečných Stínadlech po stopách ježka v kleci.  |b V tajemné velkoměstské čtvrti Stínadlech se znovu objevují zprávy o podivném hlavolamu, jehož řešení znal pouze dávno mrtvý Jan Tleskač. Rychlé šípy pátrají po jeho deníku, proti nim však stojí celá Stínadla. 
521 8 |a Pro čtenáře od 9 let 
655 7 |a české romány  |7 fd133974  |2 czenas 
655 7 |a dobrodružné romány  |7 fd132061  |2 czenas 
655 7 |a publikace pro mládež  |7 fd133157  |2 czenas 
655 9 |a Czech fiction  |2 eczenas 
655 9 |a adventure novels  |2 eczenas 
655 9 |a juvenile literature  |2 eczenas 
700 1 |a Grus, Jiří,  |d 1978-  |7 mzk2005289872  |4 ill 
740 0 2 |a Poselství ze Stínadel 
787 0 8 |i Z cyklu:  |t Stínadelská trilogie  |g 1 
900 |a ABA001  |b 20 
928 9 |a Albatros Media - Albatros 
044 |a xr 
910 |a RBIT002 
998 |d 184236  |a https://core.palmknihy.cz/api/books/184236/cover?pollbn  |b https://core.palmknihy.cz/api/books/184236/cover/400?pollbn  |c https://core.palmknihy.cz/api/books/184236/cover/50?pollbn  |e 2030-01-01  |g 320  |i 9788000054179  |j https://core.palmknihy.cz/api/books/184236/preview.epub  |k https://core.palmknihy.cz/api/books/184236/preview.pdf  |l   |q 49  |r 1  |s https://www.palmknihy.cz/kniha/184236  |t ebook  |y 2019  |z 0  |v Foglarovky  |w 0 
999 |d 311019